书目信息 |
| 题名: |
中华艺术通史简编
|
|
| 作者: | 李希凡 主编 ;孟繁树 撰稿 | |
| 分册: | 第六卷 | |
| 出版信息: | 北京 北京师范大学出版社 2013 |
|
| 页数: | 440页 | |
| 开本: | 24cm | |
| 丛书名: | ||
| 单 册: | ||
| 中图分类: | J120.9 , J120.949 | |
| 科图分类: | ||
| 主题词: | 艺术史--中国 , 艺术史--中国--清代 , 艺术史 | |
| 电子资源: | ||
| ISBN: | 978-7-303-15905-5 | |
| 000 | 01103nam0 2200289 450 | |
| 001 | 006782840 | |
| 005 | 20140609111026.51 | |
| 010 | @a978-7-303-15905-5@dCNY88.00 | |
| 100 | @a20130829d2013 em y0chiy0110 ea | |
| 101 | 0 | @achi |
| 102 | @aCN@b110000 | |
| 105 | @aa z 000yy | |
| 106 | @ar | |
| 200 | 1 | @a中华艺术通史简编@9zhong hua yi shu tong shi jian bian@h第六卷@f李希凡主编@g孟繁树[等]撰稿 |
| 210 | @a北京@c北京师范大学出版社@d2013 | |
| 215 | @a440页@c图@d24cm | |
| 304 | @a英文共同题名:The general history of Chinese art (concise edition) | |
| 330 | @a本书系统梳理了清代艺术各方面的成就,从总体上呈现了中华艺术在清代的发展状况。具体内容有:清代戏曲概貌及清初传奇创作的繁荣、清代地方戏曲的崛起和四大声腔并存格局的形成、清代地方戏曲的剧本创作和表演艺术的成就、清代音乐、清代舞蹈等。 | |
| 606 | 0 | @a艺术史@y中国 |
| 606 | 0 | @a艺术史@y中国@z清代 |
| 606 | 0 | @a艺术史 |
| 690 | @aJ120.9@v5 | |
| 690 | @aJ120.949@v5 | |
| 701 | 0 | @a李希凡@9li xi fan@f(1927~)@4主编 |
| 702 | 0 | @a孟繁树@9meng fan shu@f(1941~)@4撰稿 |
| 801 | 0 | @aCN@bNLC@c20130926 |
| 905 | @b548482-84@dJ120.9@e103:6@f3 | |
| 中华艺术通史简编.第六卷/李希凡主编/孟繁树[等]撰稿.-北京:北京师范大学出版社,2013 |
| 440页:图;24cm |
| ISBN 978-7-303-15905-5:CNY88.00 |
| 本书系统梳理了清代艺术各方面的成就,从总体上呈现了中华艺术在清代的发展状况。具体内容有:清代戏曲概貌及清初传奇创作的繁荣、清代地方戏曲的崛起和四大声腔并存格局的形成、清代地方戏曲的剧本创作和表演艺术的成就、清代音乐、清代舞蹈等。 |
| ● |
| 相关链接 |
|
|
|
|
正题名:中华艺术通史简编
索取号:J120.9/103:6
 
预约/预借
| 序号 | 登录号 | 条形码 | 馆藏地/架位号 | 状态 | 备注 |
| 1 | 548482 | 205484821 | 第一样本阅览室/ [索取号:J120.9/103:6] | 在馆 | |
| 2 | 548483 | 205484830 | 第一借阅区/ [索取号:J120.9/103:6] | 在馆 | |
| 3 | 548484 | 205484849 | 第一借阅区/ [索取号:J120.9/103:6] | 在馆 |